000 00609nam a22001817a 4500
003 CEME
005 20210628202845.0
008 210118b xxu||||| |||| 00| 0 eng d
020 _a0-387-21364-3
040 _c.
082 _a332.01513 ROM
100 _aRoman, Steven
_961992
245 _aIntroduction to the mathematics of finance, from risk management to option pricing
260 _aNEW DELHI
_bSPRINGER
_c2004
300 _aXIV,354 P
650 _aINVESTMENTS- MATHEMATICS. CAPITAL ASSETS PRICING MODEL.PORTFOLIO MANAGEMENT- MATHEMATICALMODELS, OPTIONS (FINANCE)- PRICES.
_961993
942 _cBK
_2ddc
999 _c571246
_d571246